| 000 | 00653nam a2200265Ia 4500 | ||
|---|---|---|---|
| 003 | OSt | ||
| 005 | 20221007105136.0 | ||
| 006 | a|||||r|||| 00| 0 | ||
| 007 | ta | ||
| 008 | 221006b |||||||| |||| 00| 0 eng d | ||
| 024 | _a17,746 | ||
| 037 | _cTextual | ||
| 040 |
_aLCO _cLCO _beng |
||
| 041 |
_2eng _aeng |
||
| 082 | _aZ2,315, M7 | ||
| 100 | _aPollock | ||
| 245 | 0 | _aIndian Partnership Act | |
| 250 | _a5th | ||
| 260 |
_aBombay _bN.M.Tripathi Pvt Ltd. India _c1987 |
||
| 300 | _a232 | ||
| 650 | _aPARTNERSHIP | ||
| 700 |
_a Mulla _9683289 |
||
| 942 |
_hZ2,315, M7 _cTEXL |
||
| 999 |
_c1187309 _d1187309 |
||